Blues people : Negro music in white America /
Zapisane w:
| 1. autor: | |
|---|---|
| Format: | Nieznany |
| Język: | English |
| Wydane: |
New York :
William Morrow,
1999.
|
| Wydanie: | 1 edición |
| Hasła przedmiotowe: | |
| Etykiety: |
Dodaj etykietę
Nie ma etykietki, Dołącz pierwszą etykiete!
|
MARC
| LEADER | 000000000a22000000004500 | ||
|---|---|---|---|
| 001 | 014254 | ||
| 020 | |a 068818474X | ||
| 041 | 0 | |a eng | |
| 082 | 0 | 4 | |a 780.89 |b B224b |
| 100 | 1 | |a Baraka, Imamu Amiri, |d 1934- | |
| 245 | 1 | 0 | |a Blues people : |b Negro music in white America / |c Imamu Amiri Baraka. |
| 250 | |a 1 edición | ||
| 260 | 1 | |a New York : |b William Morrow, |c 1999. | |
| 300 | |a 244 páginas ; |c 22 cm. | ||
| 650 | 4 | |a AFROAMERICANOS | |
| 650 | 4 | |a MUSICA | |
| 650 | 4 | |a HISTORIA | |
| 650 | 4 | |a CRITICA | |
| 650 | 4 | |a BLUES (MUSICA) | |
| 650 | 4 | |a MUSICA DE JAZZ | |
| 500 | |a Colección George Yúdice | ||
| 999 | |c 20148 |d 20148 | ||
| 942 | |c BK |h 780.89 B224b |2 z | ||



